00537cam a22001934a 4500008004100000020002200041100002100063245006700084250001200151260003700163300004000200500002000240650001500260700002200275700001900297003000100316005001700317040000900334  a0273658131 (pbk.)1 aParkin, Michael. 0aEconomics /cMichael Parkins, Melanie Powell and Kent Mathews. a5th ed. aHarlow :bAddison Wesley,c2003. axxxi, 841 p. :bcol. ill. ;c26 cm. aIncludes index. 0aEconomics. aPowell, Mellanie. aMatthew, Kent.20230123125231.0 cNUST